000 00688nam a2200217Ia 4500
003 GCL
008 140319s9999 xx 000 0 ara d
040 _aGCL /
_cGCL
082 0 4 _a947.084
_bب م
100 1 _aبليفانوف، جيورجى
245 1 0 _aالمفهوم المادى للتاريخ /
_cبليفانوف، جيورجى
700 1 _aعامر عبد الله
300 _a104 ص
490 _aالهيئة العامة للاستعلامات
_v0
650 0 4 _aالماركسية
650 0 4 _aالشيوعية
650 0 4 _aالاشتراكية
650 0 4 _aروسيا - تاريخ
650 0 4 _aالاتحاد السوفيتى - تاريخ
942 _2ddc
_cBK
999 _c50569
_d50569